Heritable Bank reveals that HMO licensing scheme is harming the buy to let market (Record no. 79616)
[ view plain ]
| 000 -LEADER | |
|---|---|
| fixed length control field | 01163cab a22001815a 4500 |
| 001 - CONTROL NUMBER | |
| control field | L141840 |
| 008 - FIXED-LENGTH DATA ELEMENTS--GENERAL INFORMATION | |
| fixed length control field | 080102s2007 xxk f 000 0 eng d |
| 035 ## - SYSTEM CONTROL NUMBER | |
| System control number | (Sirsi) u141840 |
| 041 0# - LANGUAGE CODE | |
| Language code of text/sound track or separate title | eng |
| 245 00 - TITLE STATEMENT | |
| Title | Heritable Bank reveals that HMO licensing scheme is harming the buy to let market |
| 260 ## - PUBLICATION, DISTRIBUTION, ETC. | |
| Date of publication, distribution, etc. | 2007 |
| 490 ## - SERIES STATEMENT | |
| Series statement | Agreement |
| Volume/sequential designation | 14(6) December 2007, 17(1) |
| 520 ## - SUMMARY, ETC. | |
| Summary, etc. | Reports on a survey by Heritable Bank into the effects of licensing requirements for Houses of Multiple Occupation (HMOs). Highlights inconsistencies in local authority licensing requirements; that licensing arrangements are deterring landlords from investing in this sector; and that 23% of landlords are unaware of the HMO licensing scheme. Calls for an update of the entire scheme. The survey was across 60 local authorities. Also notes that councils' licence fees vary between 1, 3 and 5 year deals; that geographical factors do not affect the licence fee cost; and that the most complex licence arrangements are found in Wandsworth. |
| 590 ## - LOCAL NOTE (RLIN) | |
| Local note | KA |
| 651 #4 - SUBJECT ADDED ENTRY--GEOGRAPHIC NAME | |
| Geographic name | England and Wales |
| Chronological subdivision | 1543- |
| 690 ## - LOCAL SUBJECT ADDED ENTRY--TOPICAL TERM (OCLC, RLIN) | |
| Topical term or geographic name as entry element | PROPERTY-RESIDENTIAL PROPERTY-RESIDENTIAL LANDLORD AND TENANT |
| 942 ## - ADDED ENTRY ELEMENTS (KOHA) | |
| Suppress in OPAC | 0 |
| Withdrawn status | Lost status | Source of classification or shelving scheme | Damaged status | Not for loan | Home library | Current library | Shelving location | Date acquired | Total Checkouts | Full call number | Barcode | Date last seen | Copy number | Price effective from | Koha item type |
|---|---|---|---|---|---|---|---|---|---|---|---|---|---|---|---|
| Dewey Decimal Classification | London | London | Journal article | 02/01/2008 | L141840 | 141840-1001 | 06/08/2019 | 1 | 06/08/2019 | Journal article |